Nonlinear programming (Record no. 2879)

MARC details
000 -LEADER
fixed length control field 00656nam a2200205Ia 4500
003 - CONTROL NUMBER IDENTIFIER
control field IN-BaIIA
008 - FIXED-LENGTH DATA ELEMENTS--GENERAL INFORMATION
fixed length control field 211028s9999 xx 000 0 eng d
040 ## - CATALOGING SOURCE
Transcribing agency IIA Library
080 ## - UNIVERSAL DECIMAL CLASSIFICATION NUMBER
Universal Decimal Classification number 519.853
Item number KUN
100 ## - MAIN ENTRY--PERSONAL NAME
Personal name Kunzi, Hans Paul
9 (RLIN) 5139
245 #0 - TITLE STATEMENT
Title Nonlinear programming
Statement of responsibility, etc. Hans Paul Kunzi and Wilhelm Krelle
260 ## - PUBLICATION, DISTRIBUTION, ETC.
Place of publication, distribution, etc. Waltham
Name of publisher, distributor, etc. Blaisdell Publishing
Date of publication, distribution, etc. 1966
300 ## - PHYSICAL DESCRIPTION
Extent xiv, 240p.
490 ## - SERIES STATEMENT
Series statement A blaisdell book in the pure and applied sciences
650 ## - SUBJECT ADDED ENTRY--TOPICAL TERM
Topical term or geographic name entry element NASA thesaurus
650 ## - SUBJECT ADDED ENTRY--TOPICAL TERM
Topical term or geographic name entry element Nonlinear programming
9 (RLIN) 5140
650 ## - SUBJECT ADDED ENTRY--TOPICAL TERM
Topical term or geographic name entry element Operations research
9 (RLIN) 1657
700 ## - ADDED ENTRY--PERSONAL NAME
Personal name Krelle, Wilhelm
9 (RLIN) 5141
942 ## - ADDED ENTRY ELEMENTS (KOHA)
Koha item type Books
Holdings
Withdrawn status Lost status Damaged status Not for loan Home library Current library Shelving location Date acquired Cost, normal purchase price Total Checkouts Full call number Barcode Date last seen Cost, replacement price Price effective from Koha item type Purchase Price
        IIA Library-Bangalore IIA Library-Bangalore General Stacks 30/03/1967 61.20   519.853/ KUN 3203 05/11/2021 61.20 30/03/1967 Books Rs. 61.20

Powered by Koha